000 00661nam a2200193Ii 4500
003 JO-AjNU
008 230605s9999||||xx |||||||||||||| ||und||
040 _aJO-AjNU
_bara
_erda
_cJO-AjNU
041 _aara
050 1 4 _aPJ7505 .A3552 1945
100 3 _aأعدها وقدمها شوقي، أحمد,
_eauthor
_920119
245 0 0 _aمن المصادر الأدبية واللغوية
264 3 1 _aبيروت: دار العلوم العربية، 1990
300 _a252ص
336 _atext
_btxt
_2rdacontent
337 _aunmediated
_bn
_2rdamedia
338 _avolume
_bnc
_2rdacarrier
650 4 _aالادب العربي - ببيلوجرافيات
_920120
999 _aA6763
_c10331
_d10331